000
00298nam a2200121Ia 4500
008
220204s9999 xx 000 0 und d
082
_a
535.243
_b
SLA
100
_a
Slavin, Morris
245
0
_a
Atomic absorption spectroscopy
250
_a
Ed.2
260
_a
New York
_b
John Wiley
_c
1978
942
_c
BK
999
_c
34652
_d
34652